The ideal bride #11/ by Stephanie Laurens.
Available copies
- 1 of 1 copy available at LARL/NWRL Consortium.
- 1 of 1 copy available at Northwest Regional Library. (Show preferred library)
Current holds
0 current holds with 1 total copy.
Show Only Available Copies
| Location | Call Number / Copy Notes | Barcode | Shelving Location | Status | Due Date |
|---|---|---|---|---|---|
| Roseau Public Library | LAU (Text) | 35500003406798 | Main | Available | - |
Record details
- ISBN: 0060505737
- Physical Description: 376 p. : ill.; 24cm.
- Edition: 1st ed.
- Publisher: New York : William Morrow, c2004.
Search for related items by subject
| Subject: | Cynster family (Fictitious characters) > Fiction. Hampshire (England) > Fiction. |
| Genre: | Regency fiction. Love stories. |
Search for related items by series
| LDR | 01054cam a22003018a 4500 | ||
|---|---|---|---|
| 001 | 52462 | ||
| 003 | LARL_NWRL_CONSORTIUM | ||
| 005 | 20031223191422.0 | ||
| 008 | 031125s2004 nyu 000 1 eng | ||
| 020 | . | ‡a0060505737 | |
| 035 | . | ‡a(OCoLC)53839883 | |
| 035 | 0 | 0. | ‡ilcmarc/BCE-2683/LARLTECH |
| 082 | 0 | 0. | ‡a813/.54 ‡222 |
| 099 | . | ‡aLau | |
| 100 | 1 | . | ‡aLaurens, Stephanie. ‡0(LARL_NWRL_CONSORTIUM)139417 |
| 245 | 1 | 4. | ‡aThe ideal bride ‡n#11/ ‡cby Stephanie Laurens. |
| 250 | . | ‡a1st ed. | |
| 260 | . | ‡aNew York : ‡bWilliam Morrow, ‡cc2004. | |
| 300 | . | ‡a376 p. : ‡bill.; ‡c24cm. | |
| 490 | 0 | . | ‡aCynster ; ‡v11 |
| 650 | 0. | ‡aCynster family (Fictitious characters) ‡vFiction. | |
| 651 | 0. | ‡aHampshire (England) ‡vFiction. | |
| 655 | 7. | ‡aRegency fiction. ‡2gsafd | |
| 655 | 7. | ‡aLove stories. ‡2gsafd | |
| 901 | . | ‡a52462 ‡bOCLC ‡c52462 ‡tbiblio | |

Add to basket
Permalink
Disable Highlighting